Internet a práva autorov
Pokračovanie príspevku o internete a právach autorov. Právo na vyhotovenie rozmnoženiny diela. Právo na spracovanie, preklad a adaptáciu diela. Právo na zaradenie diela do súborného diela. Právo na verejné vykonanie diela. Právo na verejný prenos diela. Právo na verejné vystavovanie diela.
Salvato in:
| Autore principale: | |
|---|---|
| Natura: | Capitolo di libro |
| Lingua: | slovacco |
| Soggetti: | |
| Tags: |
Nessun Tag, puoi essere il primo ad aggiungerne!!
|
MARC
| LEADER | 00000naa$a2200000$$$4500 | ||
|---|---|---|---|
| 001 | 0041939 | ||
| 005 | 20231108132543.9 | ||
| 041 | 0 | |a slo | |
| 044 | |a SK | ||
| 245 | 1 | 0 | |a Internet a práva autorov |c Renáta Miščíková |
| 520 | |a Pokračovanie príspevku o internete a právach autorov. Právo na vyhotovenie rozmnoženiny diela. Právo na spracovanie, preklad a adaptáciu diela. Právo na zaradenie diela do súborného diela. Právo na verejné vykonanie diela. Právo na verejný prenos diela. Právo na verejné vystavovanie diela. | ||
| 610 | 2 | 0 | |a internet |
| 610 | 2 | 0 | |a právo autorské |
| 610 | 2 | 0 | |a práva majetkové |
| 610 | 2 | 0 | |a ochrana autorstva |
| 610 | 2 | 0 | |a technológie informačné |
| 610 | 2 | 0 | |a technológie komunikačné |
| 100 | 1 | |a Miščíková, Renáta | |